[Event "Oberliga Ost B"]
[Site "?"]
[Date "2022.07.03"]
[Round "7.3"]
[White "Heinatz, Thomas"]
[Black "Michalowski, Peter"]
[Result "1/2-1/2"]
[WhiteElo "2294"]
[BlackElo "2112"]
[PlyCount "101"]
[EventDate "2021.10.10"]
[EventType "team-tourn"]
[EventCountry "GER"]
[WhiteTeam "Schoeneck SF"]
[BlackTeam "Erfurt SV Empor"]
[WhiteTeamCountry "GER"]
[BlackTeamCountry "GER"]

1. e4 c5 2. Nc3 a6 3. g3 b5 4. Bg2 Bb7 5. f4 e6 6. Nh3 Nf6 7. d3 Be7 8. O-O b4
9. Nb1 d6 10. Nd2 Qc7 11. c3 Nc6 12. Qe2 O-O 13. g4 Nd7 14. g5 f5 15. Nc4 Rae8
16. Bd2 Nb6 17. Ne3 bxc3 18. bxc3 Nd8 19. Rab1 c4 20. Nxc4 Nxc4 21. dxc4 Bxe4
22. Bxe4 fxe4 23. Qxe4 Qc6 24. Qxc6 Nxc6 25. Rb6 Na5 26. Rxa6 Nxc4 27. Be1 Ra8
28. Rxa8 Rxa8 29. Rf2 g6 30. Re2 Kf7 31. Nf2 Ra3 32. Ng4 Bd8 33. Rc2 e5 34.
fxe5 Nxe5 35. Nxe5+ dxe5 36. h4 Ba5 37. Kf2 Ke6 38. Ke2 Kf5 39. Kd3 Ra4 40.
Rf2+ Kg4 41. Re2 Kf4 42. Bd2+ Kf5 43. Rf2+ Kg4 44. Rf7 e4+ 45. Ke2 Rxa2 46.
Rf4+ Kh5 47. Kd1 Ra1+ 48. Kc2 Ra2+ 49. Kd1 Ra1+ 50. Ke2 Ra2 51. Kd1 1/2-1/2

[Event "Oberliga Ost B"]
[Site "?"]
[Date "2022.07.03"]
[Round "7.4"]
[White "Rempel, Patrick"]
[Black "Nazarenus, Moritz"]
[Result "0-1"]
[WhiteElo "2054"]
[BlackElo "2232"]
[PlyCount "76"]
[EventDate "2021.10.10"]
[EventType "team-tourn"]
[EventCountry "GER"]
[WhiteTeam "Erfurt SV Empor"]
[BlackTeam "Schoeneck SF"]
[WhiteTeamCountry "GER"]
[BlackTeamCountry "GER"]

1. Nf3 d5 2. g3 c6 3. Bg2 Bg4 4. c4 e6 5. b3 Nd7 6. Bb2 Ngf6 7. O-O Be7 8. d4
O-O 9. Nc3 Qb6 10. Ne5 Nxe5 11. dxe5 Nd7 12. h3 Bh5 13. g4 Bg6 14. e4 Rad8 15.
Na4 Qa6 16. exd5 cxd5 17. cxd5 exd5 18. Qxd5 Nb6 19. Qf3 Nxa4 20. bxa4 Qxa4 21.
Qb3 b5 22. Qxa4 bxa4 23. Rfd1 h5 24. Bc3 hxg4 25. hxg4 Rc8 26. Bd4 Bc2 27. Re1
Rc4 28. Bxa7 Rxg4 29. Kh2 Bb4 30. Re3 Bd2 31. Re2 Bf4+ 32. Kg1 Bd3 33. Ree1 Re8
34. Rad1 Bb5 35. Rd4 Re7 36. Bc5 Rc7 37. Bb6 Rc2 38. Rb4 Bc6 0-1

[Event "Oberliga Ost B"]
[Site "?"]
[Date "2022.07.03"]
[Round "7.7"]
[White "Weiss, Matthias"]
[Black "Pichl, Michael"]
[Result "1-0"]
[WhiteElo "2025"]
[BlackElo "1917"]
[PlyCount "73"]
[EventDate "2021.10.10"]
[EventType "team-tourn"]
[EventCountry "GER"]
[WhiteTeam "Schoeneck SF"]
[BlackTeam "Erfurt SV Empor"]
[WhiteTeamCountry "GER"]
[BlackTeamCountry "GER"]

1. e4 g6 2. d4 Bg7 3. Nc3 c5 4. dxc5 Qa5 5. Bd2 Qxc5 6. Nd5 Nc6 7. Nf3 e6 8.
Bc3 Bxc3+ 9. Nxc3 Nf6 10. e5 Ng4 11. Qe2 Nb4 12. h3 Nh6 13. O-O-O Nf5 14. a3 a5
15. axb4 axb4 16. Nb1 b3 17. c3 Ra1 18. Qc4 b6 19. Qxc5 bxc5 20. Bc4 Bb7 21.
Bxb3 Bxf3 22. gxf3 Ke7 23. Kc2 d5 24. exd6+ Nxd6 25. Na3 Rxd1 26. Rxd1 Rc8 27.
Nc4 Nf5 28. Ra1 Rc7 29. Ra5 Kf6 30. Kd3 Kg5 31. Ke4 Kh4 32. Ra1 h5 33. Bc2 Kxh3
34. Ne3 Nxe3 35. Kxe3 Kg2 36. f4 f5 37. Bd1 1-0

[Event "Oberliga Ost B"]
[Site "?"]
[Date "2022.07.03"]
[Round "7.1"]
[White "Sadeghi, Behrang"]
[Black "Grund, Sebastian"]
[Result "0-1"]
[WhiteElo "2251"]
[BlackElo "1893"]
[PlyCount "82"]
[EventDate "2021.10.10"]
[EventType "team-tourn"]
[EventCountry "GER"]
[WhiteTeam "Homburg Bad SK"]
[BlackTeam "Erfurt SV Medizin"]
[WhiteTeamCountry "GER"]
[BlackTeamCountry "GER"]

1. e4 c5 2. b4 cxb4 3. a3 d5 4. exd5 Qxd5 5. Nf3 e5 6. c4 Qa5 7. Bb2 Nc6 8.
axb4 Qxb4 9. Ba3 Qb6 10. Bxf8 Kxf8 11. Nc3 Nge7 12. Be2 f6 13. O-O Bf5 14. Nh4
Nd4 15. Nxf5 Nxe2+ 16. Qxe2 Nxf5 17. Qf3 Nd6 18. Nd5 Qc6 19. d3 Kf7 20. Qh5+ g6
21. Qh3 Qc8 22. Qh4 Qf5 23. f4 e4 24. dxe4 Nxe4 25. Kh1 h5 26. Ne3 Qc5 27. Rae1
Rae8 28. h3 Kg7 29. Nd5 g5 30. fxg5 fxg5 31. Qxe4 Rxe4 32. Rxe4 Rf8 33. Rfe1 a5
34. Re5 Qxc4 35. Rxg5+ Kh6 36. Rge5 Rf1+ 37. Rxf1 Qxf1+ 38. Kh2 a4 39. h4 a3
40. Re6+ Kg7 41. Nc3 Qf4+ 0-1

[Event "Oberliga Ost B"]
[Site "?"]
[Date "2022.07.03"]
[Round "7.2"]
[White "Jakob, Matthias"]
[Black "Dunsbach, Ralf"]
[Result "1-0"]
[WhiteElo "2082"]
[BlackElo "2156"]
[PlyCount "35"]
[EventDate "2021.10.10"]
[EventType "team-tourn"]
[EventCountry "GER"]
[WhiteTeam "Erfurt SV Medizin"]
[BlackTeam "Homburg Bad SK"]
[WhiteTeamCountry "GER"]
[BlackTeamCountry "GER"]

1. d4 Nf6 2. Nc3 d5 3. Bf4 c5 4. e3 cxd4 5. exd4 a6 6. Nf3 Nc6 7. Ne5 Bf5 8. g4
Nxe5 9. gxf5 Nc4 10. Qf3 Rc8 11. Bxc4 Rxc4 12. Be5 e6 13. fxe6 fxe6 14. Rg1 Qe7
15. O-O-O Qf7 16. Rde1 Bb4 17. Bxf6 Qxf6 18. Qxd5 1-0

[Event "Oberliga Ost B"]
[Site "?"]
[Date "2022.07.03"]
[Round "7.3"]
[White "Schmidt, Walter"]
[Black "Mueller Ludwig, Kristin"]
[Result "1/2-1/2"]
[WhiteElo "2232"]
[BlackElo "2037"]
[PlyCount "31"]
[EventDate "2021.10.10"]
[EventType "team-tourn"]
[EventCountry "GER"]
[WhiteTeam "Homburg Bad SK"]
[BlackTeam "Erfurt SV Medizin"]
[WhiteTeamCountry "GER"]
[BlackTeamCountry "GER"]

1. c4 g6 2. Nc3 Bg7 3. g3 d6 4. Bg2 e5 5. e3 Nf6 6. Nge2 O-O 7. O-O c6 8. d4
Re8 9. Qc2 Bf5 10. e4 Bg4 11. dxe5 dxe5 12. Be3 Nbd7 13. h3 Bxe2 14. Qxe2 Qe7
15. Rfd1 Nc5 16. Qc2 1/2-1/2

[Event "Oberliga Ost B"]
[Site "?"]
[Date "2022.07.03"]
[Round "7.4"]
[White "Nguyen, Ha Thanh"]
[Black "Kaliski, Erwin"]
[Result "0-1"]
[WhiteElo "1975"]
[BlackElo "2209"]
[PlyCount "104"]
[EventDate "2021.10.10"]
[EventType "team-tourn"]
[EventCountry "GER"]
[WhiteTeam "Erfurt SV Medizin"]
[BlackTeam "Homburg Bad SK"]
[WhiteTeamCountry "GER"]
[BlackTeamCountry "GER"]

1. e4 e6 2. d4 d5 3. Nc3 Nf6 4. Bg5 Be7 5. e5 Nfd7 6. Bxe7 Qxe7 7. Qg4 O-O 8.
O-O-O c5 9. f4 Nc6 10. Nf3 f6 11. exf6 Qxf6 12. Ne2 cxd4 13. Nfxd4 Nc5 14. Qf3
Ne4 15. Rg1 Ne5 16. Qb3 Nc4 17. Nf3 Bd7 18. c3 Nc5 19. Qb4 b6 20. Ne5 Nxe5 21.
fxe5 Qxe5 22. Qd4 Qxh2 23. Qe3 Ne4 24. Kb1 Rf2 25. c4 Raf8 26. cxd5 exd5 27.
Qd4 Be6 28. Ka1 Kh8 29. Qe3 Nd2 30. Qxe6 Qxg1 31. Nxg1 Rxf1 32. Qe2 Rxd1+ 33.
Qxd1 Rf1 34. Qxf1 Nxf1 35. Kb1 Ne3 36. g3 Kg8 37. Kc1 Kf7 38. Ne2 Kf6 39. Kd2
Nc4+ 40. Kc3 Ke5 41. Nd4 Ke4 42. Ne6 Kf3 43. Nxg7 Kxg3 44. b3 Ne3 45. Kd4 Kf3
46. Nh5 Ke2 47. Nf6 h6 48. Nh5 Kd2 49. a4 Nc2+ 50. Kxd5 Kc3 51. a5 bxa5 52. Kc5
Kxb3 0-1

[Event "Oberliga Ost B"]
[Site "?"]
[Date "2022.07.03"]
[Round "7.5"]
[White "Lenz, Jonas"]
[Black "Kirschbaum, Gunnar"]
[Result "1-0"]
[WhiteElo "2142"]
[BlackElo "2016"]
[PlyCount "61"]
[EventDate "2021.10.10"]
[EventType "team-tourn"]
[EventCountry "GER"]
[WhiteTeam "Homburg Bad SK"]
[BlackTeam "Erfurt SV Medizin"]
[WhiteTeamCountry "GER"]
[BlackTeamCountry "GER"]

1. d4 d6 2. c4 g6 3. g3 Bg7 4. Bg2 Nf6 5. Nf3 O-O 6. O-O Nbd7 7. Nc3 e5 8. h3
a6 9. Qc2 exd4 10. Nxd4 Rb8 11. Rd1 c5 12. Nf3 Qc7 13. Ng5 Ne5 14. Nce4 Nxe4
15. Nxe4 Bf5 16. g4 Bxe4 17. Bxe4 b5 18. cxb5 axb5 19. Bd2 Qe7 20. Bg2 Rfe8 21.
Bc3 b4 22. Bd2 c4 23. Be3 b3 24. Qe4 Nd7 25. Qxc4 Bxb2 26. Rab1 bxa2 27. Qxa2
Bg7 28. Qa7 Rxb1 29. Rxb1 Qe6 30. Bc6 Rd8 31. Qxd7 1-0

[Event "Oberliga Ost B"]
[Site "?"]
[Date "2022.07.03"]
[Round "7.6"]
[White "Fischer, Dennis"]
[Black "Haucke, Alexander"]
[Result "0-1"]
[WhiteElo "1974"]
[BlackElo "2206"]
[PlyCount "74"]
[EventDate "2021.10.10"]
[EventType "team-tourn"]
[EventCountry "GER"]
[WhiteTeam "Erfurt SV Medizin"]
[BlackTeam "Homburg Bad SK"]
[WhiteTeamCountry "GER"]
[BlackTeamCountry "GER"]

1. c4 Nf6 2. g3 g6 3. Bg2 Bg7 4. Nf3 O-O 5. O-O d6 6. d4 Nc6 7. d5 Na5 8. Nfd2
c5 9. Nc3 Nd7 10. e4 a6 11. Qc2 Rb8 12. a4 e6 13. b3 exd5 14. exd5 h6 15. Bb2
Ne5 16. Nd1 Bf5 17. Ne4 b6 18. f4 Ng4 19. Bxg7 Kxg7 20. Qc3+ Kg8 21. Ndf2 f6
22. Rae1 Nxf2 23. Nxf2 b5 24. Be4 Bxe4 25. Rxe4 bxc4 26. bxc4 Nb3 27. Ng4 h5
28. Nh6+ Kg7 29. g4 Kxh6 30. gxh5 gxh5 31. f5 Rg8+ 32. Kh1 Kh7 33. Qf3 Rg5 34.
Qe2 Nd4 35. Re7+ Kh6 36. Qe3 Nxf5 37. Rxf5 Rb1+ 0-1

[Event "Oberliga Ost B"]
[Site "?"]
[Date "2022.07.03"]
[Round "7.1"]
[White "Schubert, Nikita"]
[Black "Heinz, Axel"]
[Result "1/2-1/2"]
[WhiteElo "1949"]
[BlackElo "2437"]
[PlyCount "30"]
[EventDate "2021.10.10"]
[EventType "team-tourn"]
[EventCountry "GER"]
[WhiteTeam "Gera ESV"]
[BlackTeam "Oberursel SV"]
[WhiteTeamCountry "GER"]
[BlackTeamCountry "GER"]

1. d4 Nf6 2. c4 e6 3. Nf3 d5 4. g3 dxc4 5. Bg2 c6 6. Ne5 Bb4+ 7. Nc3 Nd5 8. Bd2
b5 9. a4 O-O 10. O-O a5 11. Qc2 f6 12. Nf3 Ba6 13. Rfd1 Nd7 14. e4 Nc7 15. Bf4
Nb6 1/2-1/2

[Event "Oberliga Ost B"]
[Site "?"]
[Date "2022.07.03"]
[Round "7.2"]
[White "Margolin, Boris"]
[Black "Puschendorf, Steffen"]
[Result "1-0"]
[WhiteElo "2389"]
[BlackElo "2140"]
[PlyCount "137"]
[EventDate "2021.10.10"]
[EventType "team-tourn"]
[EventCountry "GER"]
[WhiteTeam "Oberursel SV"]
[BlackTeam "Gera ESV"]
[WhiteTeamCountry "GER"]
[BlackTeamCountry "GER"]

1. e4 e6 2. d4 d5 3. e5 c5 4. c3 Ne7 5. Nf3 Nec6 6. a3 a5 7. Be3 b6 8. Nbd2 Ba6
9. Bxa6 Nxa6 10. Qe2 c4 11. a4 Nc7 12. O-O Be7 13. b3 cxb3 14. Rfb1 O-O 15.
Rxb3 Rb8 16. Rab1 Na8 17. Ne1 Qd7 18. Nc2 Rfc8 19. Qb5 Nc7 20. Qd3 Na8 21. f4
Nd8 22. Na3 Rb7 23. Nb5 Nc7 24. c4 Nxb5 25. Rxb5 Bb4 26. Rc1 Qc6 27. c5 bxc5
28. dxc5 Rcb8 29. Nb3 Qd7 30. Nd4 Nc6 31. Nxc6 Qxc6 32. Rb6 Rxb6 33. cxb6 Qxa4
34. b7 Rxb7 35. Rc8+ Bf8 36. Bc5 Qa1+ 37. Qf1 Qxf1+ 38. Kxf1 h6 39. Bxf8 Kh7
40. Bc5 g5 41. fxg5 hxg5 42. Ra8 Kg6 43. g4 Rb5 44. Be3 Rb1+ 45. Ke2 Rh1 46.
Rg8+ Kh7 47. Rxg5 Rxh2+ 48. Kd3 Rg2 49. Rh5+ Kg7 50. g5 a4 51. Rh4 a3 52. Ra4
a2 53. Bd2 Rg3+ 54. Kc2 Kg6 55. Rxa2 Kf5 56. Ra4 Rg2 57. Ra7 Kxe5 58. Rxf7 Ke4
59. Rf4+ Ke5 60. Rf6 d4 61. Kd3 Kd5 62. Bf4 Rg4 63. g6 e5 64. Bh6 e4+ 65. Ke2
d3+ 66. Kf2 Ke5 67. Ra6 Kf5 68. g7 d2 69. Rd6 1-0

[Event "Oberliga Ost B"]
[Site "?"]
[Date "2022.07.03"]
[Round "7.3"]
[White "Glaessl, Matthias"]
[Black "Dubiel, Jacek"]
[Result "1/2-1/2"]
[WhiteElo "2181"]
[BlackElo "2398"]
[PlyCount "31"]
[EventDate "2021.10.10"]
[EventType "team-tourn"]
[EventCountry "GER"]
[WhiteTeam "Gera ESV"]
[BlackTeam "Oberursel SV"]
[WhiteTeamCountry "GER"]
[BlackTeamCountry "GER"]

1. e4 e5 2. Nf3 Nc6 3. Bb5 a6 4. Bxc6 dxc6 5. d4 exd4 6. Qxd4 Qxd4 7. Nxd4 Bd7
8. Be3 O-O-O 9. Nd2 c5 10. Ne2 b6 11. O-O-O Ne7 12. Nf4 f5 13. f3 g5 14. Nd3 f4
15. Bf2 Bg7 16. h4 1/2-1/2

[Event "Oberliga Ost B"]
[Site "?"]
[Date "2022.07.03"]
[Round "7.4"]
[White "Stork, Oliver"]
[Black "Frank, Marek"]
[Result "1-0"]
[WhiteElo "2315"]
[BlackElo "1551"]
[PlyCount "67"]
[EventDate "2021.10.10"]
[EventType "team-tourn"]
[EventCountry "GER"]
[WhiteTeam "Oberursel SV"]
[BlackTeam "Gera ESV"]
[WhiteTeamCountry "GER"]
[BlackTeamCountry "GER"]

1. d4 d5 2. Bf4 Nf6 3. e3 e6 4. Nd2 b6 5. Ngf3 Bb7 6. Bd3 Nbd7 7. Qe2 Bd6 8.
Ne5 Ne4 9. Qg4 Bxe5 10. dxe5 g5 11. Nxe4 gxf4 12. Qg7 dxe4 13. Qxh8+ Ke7 14.
Qxd8+ Rxd8 15. Bb5 fxe3 16. Bxd7 exf2+ 17. Kxf2 Rxd7 18. Rad1 Rd5 19. Rxd5 exd5
20. Ke3 Ke6 21. c4 Kxe5 22. cxd5 f5 23. g3 Bxd5 24. b4 c6 25. a3 Bc4 26. Rc1
Bb5 27. a4 Bxa4 28. Ra1 b5 29. Rc1 Kd6 30. Kd4 Bb3 31. Ra1 h5 32. Rxa7 h4 33.
gxh4 Bd5 34. h5 1-0

[Event "Oberliga Ost B"]
[Site "?"]
[Date "2022.07.03"]
[Round "7.5"]
[White "Hilbig, Dieter"]
[Black "Weber, Samuel"]
[Result "0-1"]
[WhiteElo "1923"]
[BlackElo "2238"]
[PlyCount "98"]
[EventDate "2021.10.10"]
[EventType "team-tourn"]
[EventCountry "GER"]
[WhiteTeam "Gera ESV"]
[BlackTeam "Oberursel SV"]
[WhiteTeamCountry "GER"]
[BlackTeamCountry "GER"]

1. e4 c5 2. Nc3 a6 3. g3 Nc6 4. Bg2 d6 5. Nge2 g6 6. O-O Bg7 7. d3 e6 8. Be3
Nge7 9. Qd2 Nd4 10. Rac1 Rb8 11. Nd1 Nxe2+ 12. Qxe2 O-O 13. Qd2 Re8 14. Bh6 Bh8
15. c3 d5 16. Re1 d4 17. cxd4 cxd4 18. Qe2 e5 19. f3 Be6 20. b3 Qa5 21. Nf2 Bg7
22. Bxg7 Kxg7 23. Rc2 Nc6 24. Rec1 Nb4 25. Qd2 Rbc8 26. f4 Qa3 27. Rxc8 Rxc8
28. Rxc8 Bxc8 29. fxe5 Nxa2 30. Qg5 Qc1+ 31. Qxc1 Nxc1 32. Kf1 Nxb3 33. Ke1 a5
34. Kd1 b5 35. Kc2 Be6 36. Bh3 Nc5 37. Bxe6 fxe6 38. Nh3 a4 39. Ng5 a3 40. Nf3
Nxd3 41. Nxd4 a2 42. Nb3 Nc5 43. Na1 b4 44. Kb2 b3 45. Kc3 Kh6 46. h3 Kg5 47.
Kb2 h5 48. Nxb3 Nxb3 49. Kxa2 Nd2 0-1

[Event "Oberliga Ost B"]
[Site "?"]
[Date "2022.07.03"]
[Round "7.6"]
[White "Chandler, Patrick"]
[Black "Helmsdorf, Marius"]
[Result "0-1"]
[WhiteElo "2157"]
[BlackElo "1620"]
[PlyCount "112"]
[EventDate "2021.10.10"]
[EventType "team-tourn"]
[EventCountry "GER"]
[WhiteTeam "Oberursel SV"]
[BlackTeam "Gera ESV"]
[WhiteTeamCountry "GER"]
[BlackTeamCountry "GER"]

1. Nf3 d5 2. b4 e6 3. Bb2 Nf6 4. a3 b6 5. b5 c5 6. bxc6 Ba6 7. d3 Nxc6 8. Nbd2
Bd6 9. e3 O-O 10. Be2 e5 11. d4 Bxe2 12. Qxe2 e4 13. Ne5 Bxe5 14. dxe5 Nd7 15.
Qh5 g6 16. Qh6 Ncxe5 17. f4 exf3 18. gxf3 f6 19. O-O Qe7 20. Bd4 Rac8 21. c3
Nc5 22. a4 Ne6 23. e4 Nxd4 24. cxd4 Nc4 25. Rfe1 Qb4 26. Nf1 Rce8 27. Ne3 dxe4
28. fxe4 Rxe4 29. Nc2 Rxe1+ 30. Rxe1 Qd2 31. Qxd2 Nxd2 32. Re7 Rf7 33. Re8+ Rf8
34. Re7 Rf7 35. Re8+ Kg7 36. Kf2 f5 37. Ke2 Ne4 38. Kd3 Rc7 39. Ne1 Rc3+ 40.
Ke2 Rc7 41. Nf3 Nc3+ 42. Kd3 Nxa4 43. Ne5 Nb2+ 44. Ke2 Nc4 45. Nd3 Kf7 46. Ra8
Re7+ 47. Kf2 Ke6 48. Nf4+ Kd6 49. Rc8 b5 50. Rd8+ Kc7 51. Rd5 Kb6 52. Rc5 Re4
53. Nd5+ Ka5 54. Nc3 Rf4+ 55. Ke2 a6 56. Rd5 Rh4 0-1

[Event "Oberliga Ost B"]
[Site "?"]
[Date "2022.07.03"]
[Round "7.8"]
[White "Papadopoulos, Ioannis"]
[Black "Frank, Marian"]
[Result "1-0"]
[WhiteElo "2066"]
[BlackElo "1373"]
[PlyCount "49"]
[EventDate "2021.10.10"]
[EventType "team-tourn"]
[EventCountry "GER"]
[WhiteTeam "Oberursel SV"]
[BlackTeam "Gera ESV"]
[WhiteTeamCountry "GER"]
[BlackTeamCountry "GER"]

1. e4 e5 2. Nf3 Nc6 3. Bc4 Bc5 4. O-O Nf6 5. d4 Bxd4 6. Nxd4 Nxd4 7. f4 d5 8.
fxe5 dxc4 9. exf6 gxf6 10. Be3 Nc6 11. Qxd8+ Kxd8 12. Nc3 Be6 13. Rad1+ Ke8 14.
Nb5 Rc8 15. Bf4 Ne5 16. Nxa7 Ra8 17. Nb5 Rxa2 18. Nxc7+ Ke7 19. Be3 Nd7 20. Bd4
Rg8 21. Bc3 Ra4 22. Nd5+ Bxd5 23. Rxd5 Rg4 24. Rfd1 Nb6 25. Rd6 1-0

[Event "Oberliga Ost B"]
[Site "?"]
[Date "2022.07.03"]
[Round "7.1"]
[White "Geske, Julian"]
[Black "Di Capua, Francesco Stefano"]
[Result "1/2-1/2"]
[WhiteElo "2386"]
[BlackElo "1983"]
[PlyCount "104"]
[EventDate "2021.10.10"]
[EventType "team-tourn"]
[EventCountry "GER"]
[WhiteTeam "Wiesbadener SV"]
[BlackTeam "Gernsheim SK"]
[WhiteTeamCountry "GER"]
[BlackTeamCountry "GER"]

1. e4 e5 2. Nf3 Nc6 3. Bb5 a6 4. Ba4 Nf6 5. d3 b5 6. Bb3 Bc5 7. c3 O-O 8. O-O
Ba7 9. Bg5 h6 10. Bh4 Re8 11. Nbd2 Na5 12. Bc2 c5 13. Re1 Qb6 14. Nf1 Nh5 15.
Ne3 Nf4 16. Bg3 Ng6 17. Nh4 Nxh4 18. Bxh4 g5 19. Bg3 Qg6 20. Nd5 Rb8 21. h4 Bb7
22. h5 Qg7 23. Ne3 d6 24. a3 Nc6 25. Bb3 Ne7 26. Ba2 Bc8 27. b4 Be6 28. Qf3 Kh8
29. Qe2 Rbc8 30. Qd2 Ng8 31. Bxe6 fxe6 32. bxc5 Bxc5 33. Nc2 Nf6 34. d4 Bb6 35.
dxe5 Nxh5 36. Bh2 dxe5 37. Qd6 Bc7 38. Qxa6 Nf4 39. Rad1 Rcd8 40. Qxb5 Qf7 41.
Nb4 Rf8 42. Bg3 Qh5 43. Rxd8 Rxd8 44. Na6 Rd1 45. f3 Rd2 46. Bxf4 gxf4 47. Nxc7
Qh4 48. Qf1 Rxg2+ 49. Kxg2 Qg3+ 50. Kh1 Qh4+ 51. Kg1 Qg3+ 52. Kh1 Qh4+ 1/2-1/2

[Event "Oberliga Ost B"]
[Site "?"]
[Date "2022.07.03"]
[Round "7.2"]
[White "Neumann, Martin"]
[Black "Alienkin, Aleksander"]
[Result "1/2-1/2"]
[WhiteElo "2130"]
[BlackElo "2340"]
[PlyCount "22"]
[EventDate "2021.10.10"]
[EventType "team-tourn"]
[EventCountry "GER"]
[WhiteTeam "Gernsheim SK"]
[BlackTeam "Wiesbadener SV"]
[WhiteTeamCountry "GER"]
[BlackTeamCountry "GER"]

1. d4 Nf6 2. Bg5 e6 3. e4 h6 4. Bxf6 Qxf6 5. Nc3 Bb4 6. Nf3 d5 7. Bd3 dxe4 8.
Bxe4 c5 9. O-O O-O 10. Nb5 Na6 11. c3 Ba5 1/2-1/2

[Event "Oberliga Ost B"]
[Site "?"]
[Date "2022.07.03"]
[Round "7.3"]
[White "Dubkov, Andrej"]
[Black "Hebbering, Tom Elliot"]
[Result "1-0"]
[WhiteElo "2346"]
[BlackElo "2235"]
[PlyCount "87"]
[EventDate "2021.10.10"]
[EventType "team-tourn"]
[EventCountry "GER"]
[WhiteTeam "Wiesbadener SV"]
[BlackTeam "Gernsheim SK"]
[WhiteTeamCountry "GER"]
[BlackTeamCountry "GER"]

1. d4 Nf6 2. c4 e6 3. Nc3 d5 4. cxd5 exd5 5. Bg5 Nbd7 6. e3 Be7 7. Bd3 c6 8. h3
Nb6 9. Qc2 h6 10. Bf4 Bd6 11. Nge2 Bxf4 12. Nxf4 Qe7 13. O-O-O g5 14. Nfe2 Bd7
15. Kb1 O-O-O 16. Ka1 Kb8 17. Rc1 Ne8 18. h4 Nd6 19. Ng3 gxh4 20. Nh5 Qg5 21.
Nf4 Bf5 22. Rh2 Rde8 23. Rch1 Bxd3 24. Nxd3 Nd7 25. Ne1 Nf5 26. Nf3 Qg6 27. Ne2
Nf6 28. Nf4 Qh7 29. Nxh4 Nxh4 30. Qxh7 Rxh7 31. Rxh4 h5 32. g4 Rg8 33. gxh5 Ne4
34. R4h2 Kc7 35. Kb1 f5 36. Kc2 Kd6 37. Kd3 Ke7 38. Ke2 Kf7 39. Rc1 Nf6 40. b4
Rgh8 41. b5 cxb5 42. Kd3 a6 43. Rg2 Re8 44. Rg5 1-0

[Event "Oberliga Ost B"]
[Site "?"]
[Date "2022.07.03"]
[Round "7.4"]
[White "Mueller, Maximilian"]
[Black "Gottschalk, Jens"]
[Result "1-0"]
[WhiteElo "2294"]
[BlackElo "2244"]
[PlyCount "57"]
[EventDate "2021.10.10"]
[EventType "team-tourn"]
[EventCountry "GER"]
[WhiteTeam "Gernsheim SK"]
[BlackTeam "Wiesbadener SV"]
[WhiteTeamCountry "GER"]
[BlackTeamCountry "GER"]

1. d4 Nf6 2. Nf3 g6 3. c4 c5 4. Nc3 cxd4 5. Nxd4 Bg7 6. Nc2 O-O 7. g3 d6 8. Bg2
Nc6 9. b3 Qa5 10. Qd2 Bd7 11. O-O a6 12. Bb2 Qh5 13. e4 Ng4 14. h3 Nf6 15. g4
Bxg4 16. hxg4 Nxg4 17. Rfd1 f5 18. Ne3 Qh2+ 19. Kf1 Bd4 20. Ncd5 Bxb2 21. Qxb2
Nxf2 22. exf5 Nxd1 23. Rxd1 Qg3 24. Ke2 gxf5 25. Rg1 Rf7 26. Nc7 f4 27. Nf5 Qh2
28. Nh6+ Qxh6 29. Bd5+ 1-0

[Event "Oberliga Ost B"]
[Site "?"]
[Date "2022.07.03"]
[Round "7.5"]
[White "Minor, Samuel"]
[Black "Schupp, Uwe"]
[Result "0-1"]
[WhiteElo "2237"]
[BlackElo "2086"]
[PlyCount "58"]
[EventDate "2021.10.10"]
[EventType "team-tourn"]
[EventCountry "GER"]
[WhiteTeam "Wiesbadener SV"]
[BlackTeam "Gernsheim SK"]
[WhiteTeamCountry "GER"]
[BlackTeamCountry "GER"]

1. e4 d6 2. d4 Nf6 3. Nc3 e5 4. Nf3 exd4 5. Nxd4 Be7 6. Be2 O-O 7. O-O Re8 8.
f4 c5 9. Nb3 Nc6 10. Bf3 Bf8 11. Kh1 a5 12. a4 Nb4 13. Re1 d5 14. e5 Bf5 15.
exf6 Bxc2 16. Rxe8 Qxe8 17. Qg1 Bxb3 18. Ra3 c4 19. Bxd5 Nxd5 20. Nxd5 Rd8 21.
fxg7 Rxd5 22. gxf8=R+ Kxf8 23. Rxb3 cxb3 24. h3 Qxa4 25. Be3 Qe4 26. Qe1 Qc2
27. Kh2 Qxb2 28. f5 Qe5+ 29. Kh1 b2 0-1

[Event "Oberliga Ost B"]
[Site "?"]
[Date "2022.07.03"]
[Round "7.6"]
[White "Lukas, Anne"]
[Black "Ochs, Daniel Elias"]
[Result "1/2-1/2"]
[WhiteElo "2049"]
[BlackElo "2176"]
[PlyCount "32"]
[EventDate "2021.10.10"]
[EventType "team-tourn"]
[EventCountry "GER"]
[WhiteTeam "Gernsheim SK"]
[BlackTeam "Wiesbadener SV"]
[WhiteTeamCountry "GER"]
[BlackTeamCountry "GER"]

1. Nf3 d5 2. g3 Nf6 3. Bg2 c6 4. d3 Bg4 5. Nbd2 e6 6. O-O Be7 7. e4 O-O 8. h3
Bh5 9. Qe1 Na6 10. a3 dxe4 11. dxe4 Nc5 12. b4 Na4 13. Nb3 c5 14. e5 Nd5 15. c4
Ndb6 16. Na5 Qd3 1/2-1/2

[Event "Oberliga Ost B"]
[Site "?"]
[Date "2022.07.03"]
[Round "7.7"]
[White "Tuzi, Bruna"]
[Black "Nies, Peter"]
[Result "1-0"]
[WhiteElo "2030"]
[BlackElo "2034"]
[PlyCount "179"]
[EventDate "2021.10.10"]
[EventType "team-tourn"]
[EventCountry "GER"]
[WhiteTeam "Wiesbadener SV"]
[BlackTeam "Gernsheim SK"]
[WhiteTeamCountry "GER"]
[BlackTeamCountry "GER"]

1. e4 e6 2. d4 d5 3. Bd3 c5 4. exd5 Qxd5 5. Bb5+ Bd7 6. Bxd7+ Nxd7 7. Nf3 cxd4
8. Qxd4 Ngf6 9. O-O Qxd4 10. Nxd4 a6 11. Nd2 Bc5 12. N2f3 O-O 13. h3 h6 14. Be3
Rac8 15. c3 Nd5 16. Bd2 Ba7 17. Rad1 b5 18. Rfe1 Rc7 19. Re4 Nc5 20. Re2 Rfc8
21. g3 Na4 22. Be1 Ne7 23. Nb3 g5 24. Kg2 Nd5 25. Nfd4 Kh7 26. Rb1 Bb6 27. Kh2
h5 28. Re5 g4 29. Rxh5+ Kg6 30. hxg4 Nf6 31. Rh4 b4 32. g5 Nd5 33. Nf3 Nxb2 34.
Rxb2 bxc3 35. Rc2 a5 36. a3 Ne7 37. Ra4 Rh8+ 38. Nh4+ Kxg5 39. Rxc3 Nf5 40.
Rxc7 Bxc7 41. Bd2+ Kf6 42. Bc3+ e5 43. Rf4 Rh5 44. Kg2 a4 45. Nd2 Ke6 46. Rxf5
Rxf5 47. Nxf5 Kxf5 48. Bb4 Ke6 49. Nc4 Kd5 50. Nb2 f5 51. Nxa4 e4 52. Kf1 f4
53. gxf4 Bxf4 54. Ke2 Kc4 55. Nb6+ Kb3 56. Nd5 Bb8 57. Nf6 Ka4 58. Nxe4 Bf4 59.
Kf3 Bc1 60. Kg4 Kb5 61. Nd2 Bb2 62. Kf5 Kc6 63. Ke6 Kc7 64. f4 Kd8 65. f5 Kc7
66. Nc4 Bg7 67. a4 Kc6 68. Ne3 Bd4 69. Nd5 Kb7 70. Bc3 Bc5 71. f6 Bf8 72. f7
Ka6 73. Nf6 Kb7 74. Nd7 Bh6 75. f8=Q Bxf8 76. Nxf8 Kc7 77. Kd5 Kb6 78. Kd6 Ka6
79. Kc6 Ka7 80. Kb5 Kb7 81. Nd7 Ka8 82. Nb6+ Ka7 83. Nd7 Ka8 84. Nc5 Ka7 85.
Bd2 Ka8 86. Kb6 Kb8 87. Na6+ Ka8 88. Nc7+ Kb8 89. a5 Kc8 90. a6 1-0

[Event "Oberliga Ost B"]
[Site "?"]
[Date "2022.07.03"]
[Round "7.8"]
[White "Krinke, Michael"]
[Black "Knoedler, Marcel"]
[Result "1-0"]
[WhiteElo "1985"]
[BlackElo "1842"]
[PlyCount "55"]
[EventDate "2021.10.10"]
[EventType "team-tourn"]
[EventCountry "GER"]
[WhiteTeam "Gernsheim SK"]
[BlackTeam "Wiesbadener SV"]
[WhiteTeamCountry "GER"]
[BlackTeamCountry "GER"]

1. c4 b6 2. e4 Bb7 3. f3 e6 4. Ne2 Ne7 5. Nbc3 g6 6. d4 Bg7 7. d5 O-O 8. Bf4 d6
9. Qd2 Re8 10. O-O-O Nd7 11. Bh6 Bh8 12. h4 a5 13. h5 Ba6 14. hxg6 Nxg6 15. Ng3
Nde5 16. Nb5 Qd7 17. Na3 Qa4 18. Nh5 f6 19. dxe6 Nxc4 20. Bxc4 Bxc4 21. Qd4 Ne5
22. f4 Ng4 23. Rh4 Nxh6 24. f5 b5 25. Nxf6+ Bxf6 26. Qxf6 Be2 27. Rdh1 Ng4 28.
Qf7+ 1-0